| 000 | 01146nam a2200253 a 4500 | ||
|---|---|---|---|
| 001 | 75158 | ||
| 003 | BD-RjUL | ||
| 005 | 20211209082644.0 | ||
| 008 | 190127s2018 bg a|||| b||| 00| 0 ben d | ||
| 020 |
_a9789849303176 _c: Tk. 175.00 |
||
| 035 | _a(BD-RjUL)75376 | ||
| 040 |
_aBD-RjUL _bben _cBD-RjUL _dBD-RjUL _eBD-RjUL |
||
| 041 | _aben | ||
| 082 |
_223 _a954.9204 _bHOB 2018 |
||
| 100 | 1 |
_aহোসেন, মোহাম্মদ আখতার _9227412 |
|
| 245 | 1 |
_aবঙ্গবন্ধুর স্বদেশ প্রত্যাবর্তন ও শাসন ১৯৭২-১৯৭৫ / _cমোহাম্মদ আখতার হোসেন |
|
| 260 |
_aঢাকা : _bপ্রত্যাশা প্রকাশনী, _c২০১৮ |
||
| 300 |
_a১১১ পৃ. : _bচিত্র ; _c২২ সেমি. |
||
| 500 | _aBangobandhur Swadesh Protyabartan o Shasankal 1972-1975 | ||
| 504 | _aগ্রন্থপঞ্জী সংযুক্ত। | ||
| 600 |
_aMujibur Rahman, Shaikh, _y1975. _9230232 |
||
| 600 |
_aমুজিবুর রহমান, শেখ, _y১৯৭৫ _9230233 |
||
| 942 |
_2ddc _cBK |
||
| 999 |
_c75158 _d75158 |
||